Tottel's property tax planning (Record no. 104003)

MARC details
000 -LEADER
fixed length control field 01120cam a2200313 4500
001 - CONTROL NUMBER
control field E128734
008 - FIXED-LENGTH DATA ELEMENTS--GENERAL INFORMATION
fixed length control field 050208n2005 000 0 eng u
020 ## - INTERNATIONAL STANDARD BOOK NUMBER
International Standard Book Number 1845920295
035 ## - SYSTEM CONTROL NUMBER
System control number (Sirsi) u128734
041 ## - LANGUAGE CODE
Language code of text/sound track or separate title eng
050 ## - LIBRARY OF CONGRESS CALL NUMBER
Classification number 336.2
-- 18
100 ## - MAIN ENTRY--PERSONAL NAME
Personal name Spencer, Philip
245 ## - TITLE STATEMENT
Title Tottel's property tax planning
250 ## - EDITION STATEMENT
Edition statement 6th ed.
260 ## - PUBLICATION, DISTRIBUTION, ETC.
Place of publication, distribution, etc. Haywards Heath
Name of publisher, distributor, etc. Tottel Publishing
Date of publication, distribution, etc. 2005
300 ## - PHYSICAL DESCRIPTION
Extent xxix,396p. ; 23cm.
350 ## - PRICE (NR) (BK AM CF MU VM SE) [OBSOLETE]
Price 87.95
520 ## - SUMMARY, ETC.
Summary, etc. Highlights tax planning oppportunities and pitfalls arising in property transactions. Divided into four parts, each part deals with a principal area of property tax ownership: property investors; property dealers and developers; trading premises; and private residences. Relevant cases, statutes and checklists are included
590 ## - LOCAL NOTE (RLIN)
Local note IKA130905
650 ## - SUBJECT ADDED ENTRY--TOPICAL TERM
Topical term or geographic name entry element CAPITAL ALLOWANCES
650 ## - SUBJECT ADDED ENTRY--TOPICAL TERM
Topical term or geographic name entry element CAPITAL GAINS TAX
650 ## - SUBJECT ADDED ENTRY--TOPICAL TERM
Topical term or geographic name entry element CONSTRUCTION INDUSTRY SCHEME
650 ## - SUBJECT ADDED ENTRY--TOPICAL TERM
Topical term or geographic name entry element INTEREST RELIEF
650 ## - SUBJECT ADDED ENTRY--TOPICAL TERM
Topical term or geographic name entry element PROPERTY INVESTMENT
650 ## - SUBJECT ADDED ENTRY--TOPICAL TERM
Topical term or geographic name entry element STAMP DUTY
650 ## - SUBJECT ADDED ENTRY--TOPICAL TERM
Topical term or geographic name entry element VALUE ADDED TAX
690 ## - LOCAL SUBJECT ADDED ENTRY--TOPICAL TERM (OCLC, RLIN)
Topical term or geographic name as entry element PROPERTY-PROPERTY TAXATION
942 ## - ADDED ENTRY ELEMENTS (KOHA)
Suppress in OPAC 0
Holdings
Withdrawn status Lost status Source of classification or shelving scheme Damaged status Not for loan Home library Current library Shelving location Date acquired Total Checkouts Full call number Barcode Date last seen Copy number Price effective from Koha item type
    Dewey Decimal Classification     London London Books 15/10/2014   336.2 SPE 50011933 06/08/2019 1 06/08/2019 Book